भारतातील मुसलमानांपुढील पेच (Record no. 1221931)

MARC details
000 -LEADER
fixed length control field 00562nam a2200157Ia 4500
008 - FIXED-LENGTH DATA ELEMENTS--GENERAL INFORMATION
fixed length control field 260520s2023 xx 000 0 und d
041 ## - LANGUAGE CODE
Language code of text/sound track or separate title mar
082 ## - DEWEY DECIMAL CLASSIFICATION NUMBER
Classification number 301.45/KHO
100 ## - MAIN ENTRY--PERSONAL NAME
Personal name खोडवे, अच्युत
245 ## - TITLE STATEMENT
Title भारतातील मुसलमानांपुढील पेच
250 ## - EDITION STATEMENT
Edition statement 2nd ed
260 ## - PUBLICATION, DISTRIBUTION, ETC.
Place of publication, distribution, etc. मुंबई
Name of publisher, distributor, etc. महाराष्ट्र राज्य साहित्य आणि संस्कृती मंडळ
Date of publication, distribution, etc. 2023
300 ## - PHYSICAL DESCRIPTION
Extent 128p.
500 ## - GENERAL NOTE
General note Cat No: 15207
650 ## - SUBJECT ADDED ENTRY--TOPICAL TERM
Topical term or geographic name entry element SOCIOLOGY
Holdings
Withdrawn status Lost status Damaged status Not for loan Collection Home library Current library Shelving location Date acquired Source of acquisition Cost, normal purchase price Total Checkouts Full call number Barcode Date last seen Price effective from Koha item type Public note
          Dr.Patangrao Kadam Mahavidyalaya, Sangli Dr.Patangrao Kadam Mahavidyalaya, Sangli   20/04/2026 Shaskiy Prakashane Vikri Kendra, Kolhapur 65.00   301.45/KHO PKS-25305 20/05/2026 20/05/2026 Book General book section